000 01017 a2200229 4500
001 41056
005 20260407155704.0
008 260407a2007 arg spa d
003 AR-UNSa-BCEJYS
040 _aAR-UNSa-BCEJYS
_bspa
_cAR-UNSa-BCEJYS
080 _a336.77
_xCrédito. Función económica del crédito (Microcréditos)
245 1 0 _aLa apertura de crédito como contrato bancario
020 _a978-950-894-633-1
264 1 _aBuenos Aires :
_bAD-HOC
_c2007
300 _a271 p.
_c23 cm.
505 _a1. Introducción - 2. La apertura de crédito. Noción. Función económica - 3. Obligaciones de las partes - 4. Crédito pecuniario: utilizaciones más frecuentes - 5. El descuento bancario - 6. La apertura de crédito en el derecho comparado - 7. Apertura de crédito garantizada
041 _aspa
942 _cBK
590 _aniveau_biblio:m niveau_hierar:0
100 1 _aAyerra, Eduardo P.
856 4 1 _uhttps://biblioeco.unsa.edu.ar/pmb/images/libros/L126349.jpg
_yImagen de portada
_qimage/jpeg
999 _c3346
_d3346